000 01165nam0a22003491 4500
001 v19\rc\1811886
005 20251118180037.2
035 _a(NLR Aleph) 004938563
090 _a5756155
_c5756155
100 _a20071224d1906 u y0rusy50 ca
101 0 _arus
102 _aRU
105 _ay z |||||
200 1 _aИндия и ее горе
_fД. Сатурин [псевд.]
210 _aРостов-на-Дону
_c"Донская речь" Н. Парамонова
_cэлектропеч. А.И. Тер-Абрамиан
_d1906
215 _a71 с.
_d21
300 _aАвт. установлен по изд.: Масанов, И.Ф. Словарь псевдонимов... М., 1958. Т. 3. С. 97
700 1 _aСоскис
_bД.В.
790 1 _aСатурин
_bД.
801 0 _aRU
_bNLR
_gpsbo
801 0 _aRU
_bRuMoRGB
_2psbo
801 1 _aRU
_bProSoft-M
_2rusmarc
852 _aNLR
_j34.50.5.1063
899 _aRuMoRGB
_jРб 15/199
899 _aRuMoRGB
_jРб 15/3011
899 _aБАН
899 _aГПИБ
899 _aRuMoRGB
_jU 6/625
899 _aRuMoRGB
_jU 201/1306
899 _aRuMoRGB
_jРб 6/1750
942 _cBOOK
980 _aNB